Franklin´s and the tooth fairy / (Registro nro. 14959)
[ vista simple ]
| 000 -LIDER | |
|---|---|
| fixed length control field | 00733nam a22002297a 4500 |
| 003 - IDENTIFICACDOR DE NÚMERO DE CONTROL | |
| control field | DO-SdBPM |
| 005 - DATE AND TIME OF LATEST TRANSACTION | |
| control field | 20250225091308.0 |
| 008 - ELEMENTOS DE LONGITUD FIJA | |
| fixed length control field | 1607181996 xxu a spa d |
| 020 ## - ISBN | |
| International Standard Book Number | 0590254693 |
| 040 ## - FUENTE DE CATALOGACIÓN | |
| Agencia que crea de manera original el registro | DO-SdBPM |
| Idioma de catalogación | spa |
| Agencia que realiza la transcripción | BPMSU |
| Convenciones de la despripción | rda |
| 082 #4 - NÚMERO DE CLASIFICACIÓN DECIMAL DE DEWEY | |
| Classification number | 819.3 |
| Item number | B772fr 1996 |
| Edition number | 22 |
| 100 1# - ASIENTO PRINCIPAL -- NOMBRE PERSONAL | |
| Nombre personal | Bourgeois, Paulette |
| Fechas asociadas con el nombre | 1951- |
| 245 10 - MENCIÓN DE TITULO | |
| Título | Franklin´s and the tooth fairy / |
| Mención de responsabilidad | Paulette Bourgeois; ilustraciones Brenda Clark |
| 260 ## - PUBLICACIÓN, DISTRIBUCIÓN, ETC. (PIE DE IMPRENTA) | |
| Lugar de publicación, distribución, etc | New York : |
| Nombre del editor, distribuidor, etc. | Scholastic, |
| Fecha de publicación, distribución, etc | 1996 |
| 300 ## - DESCRIPCIÓN FÍSICA | |
| Extensión | [30] p. : |
| Otros detalles físicos | il. ; |
| Dimensiones | 23 cm. |
| 500 ## - NOTA GENERAL | |
| Nota general | Libros infantiles en inglés |
| 650 #4 - ENCABEZAMIENTO DE MATERIA--TEMÁTICO | |
| Término temático o nombre geográfico como elemento de entrada | Cuentos infantiles canadienses |
| 650 #4 - ENCABEZAMIENTO DE MATERIA--TEMÁTICO | |
| Término temático o nombre geográfico como elemento de entrada | Libros ilustrados para niños |
| 700 1# - ASIENTO SECUNDARIO -- NOMBRE PERSONAL | |
| Nombre personal | Clark, Brenda |
| 910 ## - VALIDACIÓN | |
| Validación | VMateo V. Control de calidad. BPMSU |
| 942 ## - ADDED ENTRY ELEMENTS (KOHA) | |
| Source of classification or shelving scheme | Dewey Decimal Classification |
| Koha item type | Libros |
| Withdrawn status | Lost status | Source of classification or shelving scheme | Damaged status | Not for loan | Collection code | Home library | Current library | Date acquired | Source of acquisition | Total Checkouts | Full call number | Barcode | Date last seen | Price effective from | Koha item type |
|---|---|---|---|---|---|---|---|---|---|---|---|---|---|---|---|
| Dewey Decimal Classification | Colección Infantil General | Biblioteca Pública Metropolitana Salomé Ureña | Biblioteca Pública Metropolitana Salomé Ureña | 02/25/2025 | FUNDI | BPMSU CGI 819.3 B772fr 1996 | BPMSU5020054 | 02/25/2025 | 02/25/2025 | Libros |